000 00632nam a2200193Ia 4500
008 220216s9999 xx 000 0 und d
100 _aJayashree R
245 0 _aAgrobacterium mediated transformation with the laticifer specific HMGR 1 gene in Hevea brasiliensis
260 _bInternational Conference on Biotechnology: A Global Scenario, 2-4 November 2010, Kakatiya University, Warangal, pp.144.
700 _aNazeem P A
700 _aNeethu P K
700 _aRekha K
700 _aSobha S
700 _aSupriya R
700 _aSushamakumari S
700 _aThulaseedharan A
700 _aVenkatachalam P
942 _cBS
999 _c53195
_d53195